objective Indian economy and social development : (Record no. 140513)

MARC details
000 -LEADER
fixed length control field 00688nam a22002057a 4500
005 - DATE AND TIME OF LATEST TRANSACTION
control field 20170529162828.0
010 ## - LCCN (DPL NO)
LC control number ENG-118447
020 ## - INTERNATIONAL STANDARD BOOK NUMBER
International Standard Book Number 9789352605156
Terms of availability 325.00
020 ## - INTERNATIONAL STANDARD BOOK NUMBER
International Standard Book Number 9352605152
Terms of availability 325.00
035 ## - SYSTEM CONTROL NUMBER
System control number EN-101979
037 ## - SOURCE OF ACQUISITION
Source of stock number/acquisition DBAD/PUB
082 ## - DEWEY DECIMAL CLASSIFICATION NUMBER
Classification number 000
100 ## - MAIN ENTRY--PERSONAL NAME
Personal name Ramesh Singh
245 ## - TITLE STATEMENT
Title objective Indian economy and social development :
Statement of responsibility, etc by Ramesh Singh
Remainder of title general studies paper I for civil servises pralimnary exmination /
250 ## - EDITION STATEMENT
Edition statement 2nd ed.
260 ## - PUBLICATION, DISTRIBUTION, ETC. (IMPRINT)
Place of publication, distribution, etc Noida
Name of publisher, distributor, etc McGraw Hill Education
Date of publication, distribution, etc 2017
270 ## - ADDRESS
Address B-4 Sector-63,Distt. Gautam Budh Nagar
City Noida (U.P.)
Postal code 201301
300 ## - PHYSICAL DESCRIPTION
Extent various pagings
Dimensions 28cm (Pbk)
942 ## - ADDED ENTRY ELEMENTS (KOHA)
Source of classification or shelving scheme Dewey Decimal Classification
Item type English Books
Classification part 000
Call number suffix RAM
Holdings
Withdrawn status Lost status Not for loan Collection code Home library Current library Date acquired Source of acquisition Cost, normal purchase price Full call number Barcode Copy number Cost, replacement price Koha item type
    Not For Loan Non-fiction D.B.Act.Division Bawana 29/05/2017 DBAD/PUB 325.00 000 RAM EN-101979 1 325.00 English Books

© Delhi Public Library
Hit Counter
free hit counter